Estudios sobre sexualidades en América Latina /

Este texto se propone presentar dos de los marcos más relevantes presentes en las posiciones que se organizan en torno al debate de las sexualidades en la región, desde posiciones teóricas y políticas que se autodefinen como críticas y comparten un cierto ideal un cierto ideal transformativo. Por un...

全面介绍

Guardado en:
书目详细资料
主要作者: Araujo, Kathya
其他作者: ed. Prieto, Mercedes ed
格式: Texto
出版: Quito: FLACSO
主题:
标签: 添加标签
没有标签, 成为第一个标记此记录!

MARC

LEADER 00000 a a2200000 04500
001 38631
003
040
020 |a 978-9978-67-160-3  
090 |a 0001 A663e  
100 |a Araujo, Kathya  
245 |a Estudios sobre sexualidades en América Latina /  |c Kathya Araujo 
260 |a Quito:   |b FLACSO  
300 |a 350 p.  
520 |a Este texto se propone presentar dos de los marcos más relevantes presentes en las posiciones que se organizan en torno al debate de las sexualidades en la región, desde posiciones teóricas y políticas que se autodefinen como críticas y comparten un cierto ideal un cierto ideal transformativo. Por un lado, se presentará el paradigma libertario y, por otro, el paradigma de los derechos como operador principal en las formas de concebir y abordar las sexualidades  
650 |a SEXUALIDAD  
650 |a FEMINISMO  
650 |a ETICA  
700 |a ed.   |a Prieto, Mercedes   |a ed.  
999 |c 8888  |d 8888